Propuesta y evaluación de sistemas de tratamiento para aguas residuales en los hospitales regionales de Masaya y Granada

Considera la evaluación del sistema de tratamiento de las aguas residuales del Hospital Amistad Japón Nicaragua de Granada (HAJN), y la implementación de otra estrategia de tratamiento en el Hospital Regional Hilario Sánchez, así como la caracterización de las aguas residuales de ambos hospit...

Full description

Bibliographic Details
Main Authors: Aguirre Villarreal, Klaudia Isabel, Pereira Hernández, Jorge Alberto
Other Authors: Tutor: Acevedo Lugo, Ernesto José
Format: Tesis Section = Libro
Language:Undetermined
Spanish
Published: Managua UNI 2001
Subjects:
LEADER 01544nam a2200265Ia 4500
008 240830s9999 xx 000 0 und d
040 |a BIBLIOTECA-RUSB/ Mon 628.3 A284 
041 |a spa 
082 |a Mon 628.3 A284 
100 1 |a Aguirre Villarreal, Klaudia Isabel  
100 1 |b Pereira Hernández, Jorge Alberto 
245 1 0 |a Propuesta y evaluación de sistemas de tratamiento para aguas residuales en los hospitales regionales de Masaya y Granada 
260 |a Managua  |b UNI  |c 2001 
300 |a 177 p. :il. 
500 |a Contiene: anexos. 
502 |a Tesis (Ingeniero Químico) - UNI, 2001. 
520 3 |a Considera la evaluación del sistema de tratamiento de las aguas residuales del Hospital Amistad Japón Nicaragua de Granada (HAJN), y la implementación de otra estrategia de tratamiento en el Hospital Regional Hilario Sánchez, así como la caracterización de las aguas residuales de ambos hospitales. Detalla Desechos sólidos Hospitalarios, Aguas Residuales, Consideraciones acerca de lo líquido Hospitalarios y factores que lo afectan, Parámetro de control, Diagnóstico de un agua residual, Tipos de tratamiento para aguas residuales, Diseño de plantas de Tratamiento. 
650 7 |a TRATAMIENTO Y ELIMINACION DE LAS AGUAS NEGRAS 
650 7 |b  DESECHOS SOLIDOS HOSPITALARIOS - MASAYA 
650 7 |c  ANALISIS - TRATAMIENTO - CONTAMINACION - HOSPITAL 
650 7 |d  DESECHOS SOLIDOS HOSPITALARIOS-GRANADA 
700 1 |a Tutor:  |b Acevedo Lugo, Ernesto José 
942 |c BK  |2 ddc 
991 |a TESIS 
999 |c 20455